Les personnages féminins du Jeu Vidéo en image - Statistiques

Statistiques générales
  • Ce quiz a été pris 68 fois
    67 depuis la dernière actualisation
  • Le résultat moyen est 12 sur 28
Statistiques - réponses
Par images Réponse % Correct
Peach
100%
Lara Croft
90%
Zelda
86%
Samus Aran
75%
Chun-li
69%
Jinx
69%
Bayonetta
61%
Amy Rose
58%
Cynthia
56%
Tracer
53%
Ellie Williams
51%
Ciri
49%
Aloy
44%
2B
34%
Min Min
34%
Dixie Kong
31%
Aerith Gainsborough
29%
Madeline
29%
Jill Valentine
27%
Lyn
20%
Hornet
17%
Mai Shiranui
15%
Nina Williams
14%
Maxine Caulfield
12%
The Boss
12%
Mélinoé
10%
Heather Mason
5%
Jodie Holmes
5%
Aucun quiz correspondant
Distribution des résultats
% des personnes avec chaque résultat
Percentile par nombre de réponses
Votre historique - résultats
Vous n’avez pas pris ce quiz depuis la dernière actualisation